| Tag |
First Indicator |
Second Indicator |
Subfields |
| LEADER |
00000cam a2200000 i 4500 |
| 001 |
in00003641021 |
| 005 |
20170928113013.0 |
| 008 |
150804t20162016enk b 001 0 eng |
| 010 |
|
|
|a 2015026418
|
| 020 |
|
|
|a 9781138918184
|q hardcover ;
|q alkaline paper
|
| 020 |
|
|
|a 1138918180
|q hardcover ;
|q alkaline paper
|
| 020 |
|
|
|z 9781315688688
|q electronic book
|
| 024 |
8 |
|
|a 40025882837
|
| 035 |
|
|
|a (OCoLC)ocn916684793
|
| 035 |
|
|
|a (OCoLC)916684793
|
| 040 |
|
|
|a DLC
|b eng
|e rda
|c DLC
|d YDX
|d YDXCP
|d OCLCF
|d BDX
|d BTCTA
|d OCLCO
|d UtOrBLW
|
| 042 |
|
|
|a pcc
|
| 049 |
|
|
|a TXAM
|
| 050 |
0 |
0 |
|a B395
|b .M2877 2016
|
| 082 |
0 |
0 |
|a 184
|2 23
|
| 100 |
1 |
|
|a Mason, Andrew J.,
|e author.
|0 http://id.loc.gov/authorities/names/n2015048040
|
| 245 |
1 |
0 |
|a Flow and flux in Plato's philosophy /
|c Andrew J. Mason.
|
| 264 |
|
1 |
|a Abingdon, Oxon ;
|a New York, NY :
|b Routledge,
|c 2016.
|
| 264 |
|
4 |
|c ©2016
|
| 300 |
|
|
|a xi, 215 pages ;
|c 24 cm.
|
| 336 |
|
|
|a text
|b txt
|2 rdacontent
|
| 337 |
|
|
|a unmediated
|b n
|2 rdamedia
|
| 338 |
|
|
|a volume
|b nc
|2 rdacarrier
|
| 490 |
1 |
|
|a Issues in ancient philosophy
|
| 504 |
|
|
|a Includes bibliographical references and index.
|
| 600 |
0 |
0 |
|a Plato.
|0 http://id.loc.gov/authorities/names/n79139459
|
| 600 |
0 |
7 |
|a Plato.
|2 fast
|0 (OCoLC)fst00046610
|
| 830 |
|
0 |
|a Issues in ancient philosophy.
|0 http://id.loc.gov/authorities/names/n90607889
|
| 938 |
|
|
|a Brodart
|b BROD
|n 114357455
|
| 938 |
|
|
|a Baker and Taylor
|b BTCP
|n BK0017996200
|
| 938 |
|
|
|a YBP Library Services
|b YANK
|n 12586930
|
| 947 |
|
|
|a A14843387110
|
| 945 |
|
|
|a PromptCat
|b 586439
|
| 946 |
|
|
|a stk
|
| 994 |
|
|
|a 92
|b TXA
|
| 948 |
|
|
|a Cataloged
|b h
|c 2016/4/15
|d c
|e AReeder
|
| 999 |
f |
f |
|s 8360c631-cf22-372c-b7da-b205a103d7e0
|i ea518bb7-2232-330d-ab76-de587d20d5d7
|t 0
|
| 952 |
f |
f |
|p normal
|a Texas A&M University
|b College Station
|c Sterling C. Evans Library
|d Evans: Library Stacks
|t 0
|e B395 .M2877 2016
|h Library of Congress classification
|i unmediated -- volume
|m A14843387110
|
| 998 |
f |
f |
|a B395 .M2877 2016
|t 0
|l Evans: Library Stacks
|